| 000 | 00810cam a22002291 4500 | ||
|---|---|---|---|
| 001 | l 34000098 | ||
| 003 | DLC | ||
| 005 | 20260227111534.0 | ||
| 008 | 800604s1934 sz a 000 0 ger c | ||
| 010 | _al 34000098 | ||
| 035 | _a(OCoLC)6387940 | ||
| 040 |
_aU.S. Dept. of Labor. Libr. _cCU-S _dDLC |
||
| 042 | _apremarc | ||
| 043 |
_ae------ _an-us--- |
||
| 050 | 0 | 0 |
_aHD4961 _b.K8 |
| 082 | _a331.214 | ||
| 100 | 1 | _aKuczynski, Jürgen. | |
| 245 | 1 | 4 |
_aDie Entwicklung der Lage der Arbeiterschaft in Europa und Amerika, 1870-1933. _bStatistische Studien zur Entwicklung der Reallöhne und Relativlöhne in England, Deutschland, USA, Frankreich und Belgien, _cvon Jürgen Kuczynski. |
| 260 |
_aBasel, _bPhilographischer Verlag, _c1934. |
||
| 300 |
_a70 p. _btables. _c25 cm. |
||
| 650 | 0 |
_aWages _vStatistics. |
|
| 999 |
_c36138 _d36138 |
||